The Bombay Stamp Act 1958 (Record no. 350448)

MARC details
000 -LEADER
fixed length control field 00316nam a2200133Ia 4500
008 - FIXED-LENGTH DATA ELEMENTS--GENERAL INFORMATION
fixed length control field 230511s2012 xx 000 0 und d
041 ## - LANGUAGE CODE
Language code of text/sound track or separate title eng
082 ## - DEWEY DECIMAL CLASSIFICATION NUMBER
Classification number 343.057
100 ## - MAIN ENTRY--PERSONAL NAME
Personal name Divekar G M
245 ## - TITLE STATEMENT
Title The Bombay Stamp Act 1958
260 ## - PUBLICATION, DISTRIBUTION, ETC.
Place of publication, distribution, etc. Pune
Name of publisher, distributor, etc. Hind Law House
Date of publication, distribution, etc. 2012
300 ## - PHYSICAL DESCRIPTION
Extent 582
906 ## - LOCAL DATA ELEMENT F, LDF (RLIN)
a Stamp Act
Holdings
Withdrawn status Lost status Damaged status Not for loan Home library Current library Shelving location Date acquired Source of acquisition Cost, normal purchase price Total Checkouts Full call number Barcode Date last seen Price effective from Koha item type
        New Law College, Kolhapur New Law College, Kolhapur   11/05/2023 Bharati Madhyavarti Sahakari Grahak Bhandar Ltd. 650.00   343.057 NLK-6468 11/05/2023 11/05/2023 Textbook